| 000 | 00338nam a2200145Ia 4500 | ||
|---|---|---|---|
| 008 | 230917s9999||||xx |||||||||||||| ||und|| | ||
| 040 |
_e83833 _aMAIN |
||
| 041 | _aEnglish | ||
| 082 | _a823.08 L469L | ||
| 100 | _aLeacock, Stephen | ||
| 245 | 0 | _aLiterary lapses | |
| 260 |
_aLondon _bJohn Lane _c1956 |
||
| 300 | _a189 p. | ||
| 942 | _cBK | ||
| 999 |
_c127859 _d127859 |
||